Teoría oligopolítica y empresas multinacionales /
Gespeichert in:
| 1. Verfasser: | |
|---|---|
| Format: | Text |
| Sprache: | Spanish |
| Schlagworte: | |
| Tags: |
Tag hinzufügen
Keine Tags, Fügen Sie den ersten Tag hinzu!
|
MARC
| LEADER | 00000 a a2200000 04500 | ||
|---|---|---|---|
| 001 | 7969 | ||
| 003 | cru CRAI/IIS | ||
| 005 | 20210428101618.0 | ||
| 008 | 210428b ||||| |||| 00| 0 spa d | ||
| 040 | |c cru CRAI/IIS | ||
| 100 | 1 | |a Bilder, Ernesto A. | |
| 245 | 1 | |a Teoría oligopolítica y empresas multinacionales / |c Ernesto A. Bilder | |
| 500 | |a Colección Centroamérica | ||
| 650 | 0 | |9 2084 |a EMPRESAS TRASNACIONALES | |
| 650 | 4 | |9 1945 |a COMERCIO INTERNACIONAL | |
| 650 | 0 | |9 1649 |a TEORIA ECONOMICA | |
| 773 | |g número 8; páginas 65-85 | ||
| 942 | |2 ddc |c PP | ||
| 999 | |c 36184 |d 36184 | ||
| 773 | 0 | |0 18875 |9 5498 |a Universidad de Costa Rica. |d San José, Costa Rica: Universidad de Costa Rica. Consejo Superior Universitario Centroamericano, 1972- |o 13820 |t Estudios Sociales Centroamericanos / |x 03039676 | |
